Motivujte svojich zamestnancov, aby predali viac

Správne preškolený personál, ktorý má jasne nastavené ciele a odmeny za ich dosiahnutie, vám dokáže zvýšiť predaj.

Na minha lista:
Detalhes bibliográficos
Autor principal: Macková, Zuzana
Formato: Capítulo de Livro
Idioma:eslovaco
Assuntos:
Tags: Adicionar Tag
Sem tags, seja o primeiro a adicionar uma tag!

MARC

LEADER 00000naa a2200000 4500
001 0155086
005 20231010141306.0
041 0 |a slo 
044 |a SK 
245 1 0 |a Motivujte svojich zamestnancov, aby predali viac  |c Zuzana Macková 
520 |a Správne preškolený personál, ktorý má jasne nastavené ciele a odmeny za ich dosiahnutie, vám dokáže zvýšiť predaj. 
610 2 0 |a obchod 
610 2 0 |a predaj 
610 2 0 |a predaj priamy 
610 2 0 |a zamestnanci 
610 2 0 |a motivácia pracovná 
100 1 |a Macková, Zuzana